[Event "CZE-tht Extraliga 2018-19"]
[Site "Czech Republic"]
[Date "2019.04.20"]
[Round "10.7"]
[White "Vymazal, Bronislav"]
[Black "Hollan, Martin"]
[Result "0-1"]
[WhiteElo "2367"]
[BlackElo "2387"]
[Annotator "NA"]
[PlyCount "42"]
[EventDate "2018.11.03"]
[EventType "team-tourn"]
[EventCountry "CZE"]
[SourceTitle "playchess.com"]
[Source "ChessBase"]
[SourceQuality "1"]
[WhiteTeam "Brno"]
[BlackTeam "Cesky Tesin"]
[TimeControl "40/5400+30:1800+30"]

1. e4 {[%emt 0:00:00]} c5 {[%emt 0:00:00]} 2. Nf3 {[%emt 0:00:00]} Nc6 {[%emt 0:00:00]} 3. Bb5 {[%emt 0:00:00]} g6 {[%emt 0:00:00]} 4. O-O {[%emt 0:00:00]} Bg7 {[%emt 0:00:00]} 5. c3 {[%emt 0:00:00]} Nf6 {[%emt 0:00:43]} 6. Qa4 {[%emt 0:00:00]} O-O {[%emt 0:02:57]} 7. d4 {[%emt 0:00:06]} cxd4 {[%emt 0:01:11]} 8. cxd4 {[%emt 0:00:05]} d5 {[%emt 0:02:11]} 9. e5 {[%emt 0:00:14]} Ne4 {[%emt 0:00:07]} 10. Bxc6 {[%emt 0:00:50]} bxc6 {[%emt 0:00:12]} 11. Qxc6 {[%emt 0:00:05]} Bg4 {[%emt 0:03:52]} 12. Nfd2 {[%emt 0:13:30]} Rc8 {[%emt 0:08:49]} 13. Qa6 {[%emt 0:00:27]} f6 {[%emt 0:12:14]} 14. Nxe4 {[%emt 0:28:42]} dxe4 {[%emt 0:00:09]} 15. h3 {[%emt 0:00:14]} Bf5 {[%emt 0:03:55]} 16. Bf4 {[%emt 0:12:17]} fxe5 {[%emt 0:15:16]} 17. Bxe5 {[%emt 0:02:30]} Bxe5 {[%emt 0:00:18]} 18. dxe5 {[%emt 0:00:05]} e3 {[%emt 0:01:52]} 19. Nc3 {[%emt 0:16:25]} Bd3 {[%emt 0:08:23]} 20. Qxa7 {[%emt 0:00:10]} Bxf1 {[%emt 0:00:35]} 21. Rxf1 {[%emt 0:00:05]} Rxc3 {[%emt 0:01:58]} 0-1

[Event "CZE-tht Extraliga 2018-19"]
[Site "Czech Republic"]
[Date "2019.04.20"]
[Round "10.7"]
[White "Chytilek, Roman"]
[Black "Szotkowski, Jakub"]
[Result "1/2-1/2"]
[WhiteElo "2331"]
[BlackElo "2380"]
[Annotator "NA"]
[PlyCount "46"]
[EventDate "2018.11.03"]
[EventType "team-tourn"]
[EventCountry "CZE"]
[SourceTitle "playchess.com"]
[Source "ChessBase"]
[SourceQuality "1"]
[WhiteTeam "Duras"]
[BlackTeam "Beskydska"]
[TimeControl "40/5400+30:1800+30"]

1. Nf3 {[%emt 0:00:00]} d5 {[%emt 0:00:00]} 2. d4 {[%emt 0:00:02]} Nf6 {[%emt 0:00:25]} 3. c4 {[%emt 0:00:14]} c6 {[%emt 0:00:55]} 4. e3 {[%emt 0:00:11]} Bf5 {[%emt 0:00:27]} 5. Nc3 {[%emt 0:00:17]} e6 {[%emt 0:00:17]} 6. Nh4 {[%emt 0:00:33]} Be4 {[%emt 0:01:52]} 7. f3 {[%emt 0:02:05]} Bg6 {[%emt 0:00:20]} 8. Qb3 {[%emt 0:01:08]} Qb6 {[%emt 0:01:49]} 9. Nxg6 {[%emt 0:02:36]} hxg6 {[%emt 0:00:28]} 10. Kf2 {[%emt 0:00:15]} Nbd7 {[%emt 0:02:41]} 11. Bd2 {[%emt 0:05:41]} Be7 {[%emt 0:02:20]} 12. g3 {[%emt 0:18:08]} O-O {[%emt 0:11:18]} 13. Kg2 {[%emt 0:01:50]} Rfe8 {[%emt 0:01:56]} 14. Qxb6 {[%emt 0:14:59]} axb6 {[%emt 0:00:40]} 15. cxd5 {[%emt 0:00:03]} exd5 {[%emt 0:01:39]} 16. Bd3 {[%emt 0:00:51]} b5 {[%emt 0:04:43]} 17. Ne2 {[%emt 0:00:40]} Nb6 {[%emt 0:06:13]} 18. b3 {[%emt 0:01:24]} Bf8 {[%emt 0:13:07]} 19. Rhc1 {[%emt 0:08:21]} Ra3 {[%emt 0:10:01]} 20. Rc2 {[%emt 0:04:33]} Rea8 {[%emt 0:06:11]} 21. Rb2 {[%emt 0:05:44]} Nfd7 {[%emt 0:04:30]} 22. Nf4 {[%emt 0:04:19]} Nf6 {[%emt 0:05:35]} 23. h4 {[%emt 0:03:19]} Bd6 {[%emt 0:02:29]} 1/2-1/2

[Event "CZE-tht Extraliga 2018-19"]
[Site "Czech Republic"]
[Date "2019.04.20"]
[Round "10.7"]
[White "Simek, Petr"]
[Black "Vlasak, Lukas"]
[Result "0-1"]
[WhiteElo "2296"]
[BlackElo "2415"]
[Annotator "NA"]
[PlyCount "66"]
[EventDate "2018.11.03"]
[EventType "team-tourn"]
[EventCountry "CZE"]
[SourceTitle "playchess.com"]
[Source "ChessBase"]
[SourceQuality "1"]
[WhiteTeam "Siesta"]
[BlackTeam "Turnov"]
[TimeControl "40/5400+30:1800+30"]

1. d4 {[%emt 0:00:00]} Nf6 {[%emt 0:00:00]} 2. c4 {[%emt 0:00:00]} e6 {[%emt 0:00:00]} 3. Nf3 {[%emt 0:00:00]} d5 {[%emt 0:00:17]} 4. g3 {[%emt 0:00:00]} Bb4+ {[%emt 0:00:44]} 5. Bd2 {[%emt 0:00:00]} Be7 {[%emt 0:00:55]} 6. Bg2 {[%emt 0:00:02]} O-O {[%emt 0:00:38]} 7. O-O {[%emt 0:00:05]} c6 {[%emt 0:00:22]} 8. Qb3 {[%emt 0:00:23]} Nbd7 {[%emt 0:03:18]} 9. Bf4 {[%emt 0:00:25]} b6 {[%emt 0:12:44]} 10. Nc3 {[%emt 0:00:37]} Ba6 {[%emt 0:07:24]} 11. cxd5 {[%emt 0:00:23]} Nxd5 {[%emt 0:05:28]} 12. Qa4 {[%emt 0:05:38]} Bb7 {[%emt 0:18:06]} 13. Nxd5 {[%emt 0:52:20]} exd5 {[%emt 0:01:09]} 14. Rac1 {[%emt 0:00:06]} Re8 {[%emt 0:03:07]} 15. Rfd1 {[%emt 0:03:36]} Bf6 {[%emt 0:05:28]} 16. Rc2 {[%emt 0:01:03]} a5 {[%emt 0:03:29]} 17. Qa3 {[%emt 0:04:11]} Be7 {[%emt 0:07:46]} 18. Bd6 {[%emt 0:01:39]} Bf6 {[%emt 0:00:13]} 19. h4 {[%emt 0:07:40]} b5 {[%emt 0:01:15]} 20. b3 {[%emt 0:00:26]} h6 {[%emt 0:11:51]} 21. Bh3 {[%emt 0:03:22]} Nb6 {[%emt 0:03:19]} 22. Be5 {[%emt 0:01:03]} Be7 {[%emt 0:00:58]} 23. Qc1 {[%emt 0:00:06]} Nd7 {[%emt 0:03:55]} 24. Bf4 {[%emt 0:06:59]} Bf6 {[%emt 0:00:16]} 25. Bf5 {[%emt 0:02:23]} Nf8 {[%emt 0:01:43]} 26. Be5 {[%emt 0:02:44]} a4 {[%emt 0:01:41]} 27. Kg2 {[%emt 0:00:59]} axb3 {[%emt 0:02:04]} 28. axb3 {[%emt 0:00:05]} Qe7 {[%emt 0:00:33]} 29. Rd3 {[%emt 0:05:41]} Bxe5 {[%emt 0:04:23]} 30. Nxe5 {[%emt 0:00:06]} Qb4 {[%emt 0:00:17]} 31. e3 {[%emt 0:01:20]} g6 {[%emt 0:00:15]} 32. Bg4 {[%emt 0:00:32]} Rxe5 {[%emt 0:00:12]} 33. dxe5 {[%emt 0:01:11]} Qe4+ {[%emt 0:00:42]} 0-1

[Event "CZE-tht Extraliga 2018-19"]
[Site "Czech Republic"]
[Date "2019.04.20"]
[Round "10.8"]
[White "Petr, Martin"]
[Black "Kriebel, Tadeas"]
[Result "1-0"]
[WhiteElo "2463"]
[BlackElo "2514"]
[Annotator "ChessBase"]
[PlyCount "85"]
[EventDate "2018.11.03"]
[EventType "team-tourn"]
[EventCountry "CZE"]
[SourceTitle "playchess.com"]
[Source "ChessBase"]
[SourceQuality "1"]
[WhiteTeam "Pardubice"]
[BlackTeam "Novoborsky"]
[TimeControl "40/5400+30:1800+30"]

1. e4 {[%emt 0:00:00]} e5 {[%emt 0:00:00]} 2. f4 {[%emt 0:00:00]} d5 {[%emt 0:00:00]} 3. exd5 {[%emt 0:00:00]} exf4 {[%emt 0:00:00]} 4. Nf3 {[%emt 0:00:00]} Nf6 {[%emt 0:00:00]} 5. c4 {[%emt 0:02:32]} c6 {[%emt 0:00:03]} 6. d4 {[%emt 0:00:04]} Bb4+ {[%emt 0:00:04]} 7. Nc3 {[%emt 0:00:06]} cxd5 {[%emt 0:00:06]} 8. Bxf4 {[%emt 0:01:13]} O-O {[%emt 0:00:23]} 9. Be2 {[%emt 0:00:06]} dxc4 {[%emt 0:00:27]} 10. O-O {[%emt 0:00:07]} Bg4 {[%emt 0:12:08]} 11. Bxc4 {[%emt 0:00:34]} Nc6 {[%emt 0:00:24]} 12. Kh1 {[%emt 0:00:06]} Rc8 {[%emt 0:01:17]} 13. Bb3 {[%emt 0:12:14]} Bxf3 {[%emt 0:20:33]} 14. Rxf3 {[%emt 0:00:10]} Qxd4 {[%emt 0:01:08]} 15. Qf1 {[%emt 0:00:12]} Na5 {[%emt 0:10:47]} 16. Rd1 {[%emt 0:11:34]} Qb6 {[%emt 0:00:17]} 17. Nd5 {[%emt 0:00:08]} Nxd5 {[%emt 0:00:38]} 18. Bxd5 {[%emt 0:00:05]} Kh8 {[%emt 0:03:52]} 19. a3 {[%emt 0:11:49]} Be7 {[%emt 0:00:06]} 20. Be3 {[%emt 0:01:28]} Qa6 {[%emt 0:03:07]} 21. Qxa6 {[%emt 0:08:08]} bxa6 {[%emt 0:01:57]} 22. Rxf7 {[%emt 0:00:04]} Rxf7 {[%emt 0:05:14]} 23. Bxf7 {[%emt 0:00:12]} Nc6 {[%emt 0:21:54]} 24. Rc1 {[%emt 0:05:46]} Rf8 {[%emt 0:00:30]} 25. Rxc6 {[%emt 0:06:23]} Rxf7 {[%emt 0:00:06]} 26. Kg1 {[%emt 0:00:03]} h6 {[%emt 0:06:16]} 27. Rxa6 {[%emt 0:05:03]} Bg5 {[%emt 0:00:07]} 28. Bc5 {[%emt 0:02:06]} Rd7 {[%emt 0:02:10]} 29. b4 {[%emt 0:00:15]} Rd1+ {[%emt 0:03:21]} 30. Kf2 {[%emt 0:00:05]} Rd2+ {[%emt 0:01:38]} 31. Kf3 {[%emt 0:00:07]} Rd3+ {[%emt 0:00:07]} 32. Ke4 {[%emt 0:03:27]} Rd2 {[%emt 0:01:16]} 33. Rxa7 {[%emt 0:00:06]} Rxg2 {[%emt 0:00:09]} 34. b5 {[%emt 0:00:04]} Re2+ {[%emt 0:01:46]} 35. Kd5 {[%emt 0:02:01]} Rxh2 {[%emt 0:01:56]} 36. b6 {[%emt 0:00:05]} Bf4 {[%emt 0:00:45]} 37. Rf7 {[%emt 0:05:12]} Bg3 {[%emt 0:02:14]} 38. Rf3 {[%emt 0:02:33]} Rh5+ {[%emt 0:00:39]} 39. Kc6 {[%emt 0:00:15]} Bh2 {[%emt 0:00:21]} 40. b7 {[%emt 0:01:28]} Rg5 {[%emt 0:00:30]} 41. Bd6 {[%emt 0:30:18]} Bxd6 {[%emt 0:30:06]} 42. Kxd6 {[%emt 0:00:04]} Rb5 {[%emt 0:00:06]} 43. Rf8+ {[%emt 0:00:05]} 1-0

[Event "CZE-tht Extraliga 2018-19"]
[Site "Czech Republic"]
[Date "2019.04.20"]
[Round "10.8"]
[White "Meduna, Eduard"]
[Black "Sosna, Jan"]
[Result "1/2-1/2"]
[WhiteElo "2380"]
[BlackElo "2335"]
[Annotator "NA"]
[PlyCount "60"]
[EventDate "2018.11.03"]
[EventType "team-tourn"]
[EventCountry "CZE"]
[SourceTitle "playchess.com"]
[Source "ChessBase"]
[SourceQuality "1"]
[WhiteTeam "Lysa nad Labem"]
[BlackTeam "Poruba"]
[TimeControl "40/5400+30:1800+30"]

1. d4 {[%emt 0:00:00]} d5 {[%emt 0:00:00]} 2. Nf3 {[%emt 0:00:30]} c6 {[%emt 0:00:00]} 3. c4 {[%emt 0:01:54]} e6 {[%emt 0:00:07]} 4. Bg5 {[%emt 0:01:27]} Be7 {[%emt 0:02:29]} 5. Bxe7 {[%emt 0:03:09]} Qxe7 {[%emt 0:00:10]} 6. Qc2 {[%emt 0:03:20]} Nf6 {[%emt 0:03:59]} 7. e3 {[%emt 0:01:03]} Nbd7 {[%emt 0:01:28]} 8. Nc3 {[%emt 0:01:46]} O-O {[%emt 0:04:31]} 9. a3 {[%emt 0:05:22]} Re8 {[%emt 0:32:52]} 10. Be2 {[%emt 0:02:12]} dxc4 {[%emt 0:04:16]} 11. Bxc4 {[%emt 0:00:25]} e5 {[%emt 0:00:12]} 12. O-O {[%emt 0:01:09]} h6 {[%emt 0:03:53]} 13. Rae1 {[%emt 0:14:16]} e4 {[%emt 0:02:55]} 14. Nd2 {[%emt 0:00:37]} Nb6 {[%emt 0:04:16]} 15. Ba2 {[%emt 0:00:34]} Nbd5 {[%emt 0:02:37]} 16. f3 {[%emt 0:13:42]} Nxc3 {[%emt 0:04:49]} 17. bxc3 {[%emt 0:07:06]} Bf5 {[%emt 0:08:47]} 18. fxe4 {[%emt 0:04:29]} Bxe4 {[%emt 0:02:10]} 19. Nxe4 {[%emt 0:01:21]} Qxe4 {[%emt 0:00:09]} 20. Qb2 {[%emt 0:08:15]} c5 {[%emt 0:06:36]} 21. Bb1 {[%emt 0:05:45]} Qc6 {[%emt 0:00:18]} 22. Qf2 {[%emt 0:00:35]} cxd4 {[%emt 0:03:55]} 23. cxd4 {[%emt 0:00:12]} Rad8 {[%emt 0:03:24]} 24. e4 {[%emt 0:00:37]} Qd7 {[%emt 0:01:32]} 25. e5 Ng4 26. Qc2 Qxd4+ 27. Kh1 Rxe5 28. Qh7+ Kf8 29. Qh8+ Ke7 30. Qxh6 gxh6 1/2-1/2

[Event "CZE-tht Extraliga 2018-19"]
[Site "Czech Republic"]
[Date "2019.04.20"]
[Round "10.8"]
[White "Cech, Pavel"]
[Black "Kovar, Vojtech"]
[Result "1-0"]
[WhiteElo "2326"]
[BlackElo "2231"]
[Annotator "NA"]
[PlyCount "41"]
[EventDate "2018.11.03"]
[EventType "team-tourn"]
[EventCountry "CZE"]
[SourceTitle "playchess.com"]
[Source "ChessBase"]
[SourceQuality "1"]
[WhiteTeam "Turnov"]
[BlackTeam "Siesta"]
[TimeControl "40/5400+30:1800+30"]

1. d4 {[%emt 0:00:27]} Nf6 {[%emt 0:00:00]} 2. Bg5 {[%emt 0:00:13]} c5 {[%emt 0:00:00]} 3. Bxf6 {[%emt 0:04:28]} gxf6 {[%emt 0:00:18]} 4. c3 {[%emt 0:00:07]} Qb6 {[%emt 0:10:33]} 5. Qc2 {[%emt 0:00:13]} d5 {[%emt 0:04:25]} 6. Nf3 {[%emt 0:05:44]} Nc6 {[%emt 0:00:34]} 7. dxc5 {[%emt 0:03:29]} Qxc5 {[%emt 0:00:07]} 8. Nbd2 {[%emt 0:00:07]} Bd7 {[%emt 0:12:34]} 9. e4 {[%emt 0:08:16]} dxe4 {[%emt 0:07:30]} 10. Nxe4 {[%emt 0:02:30]} Qb6 {[%emt 0:06:49]} 11. Bc4 {[%emt 0:12:18]} f5 {[%emt 0:10:01]} 12. Neg5 {[%emt 0:12:36]} e6 {[%emt 0:00:19]} 13. Nxf7 {[%emt 0:00:38]} Kxf7 {[%emt 0:00:01]} 14. Qxf5+ {[%emt 0:00:09]} Ke8 {[%emt 0:00:05]} 15. Bxe6 {[%emt 0:04:17]} Bxe6 {[%emt 0:00:52]} 16. Qxe6+ {[%emt 0:01:54]} Be7 {[%emt 0:00:08]} 17. O-O {[%emt 0:07:32]} Rd8 {[%emt 0:10:17]} 18. Rfe1 {[%emt 0:13:56]} Rf8 {[%emt 0:12:34]} 19. Nd4 {[%emt 0:07:52]} Qc5 {[%emt 0:07:43]} 20. Rad1 {[%emt 0:07:28]} Rf7 {[%emt 0:00:06]} 21. Nxc6 {[%emt 0:01:00]} 1-0

[Event "CZE-tht Extraliga 2018-19"]
[Site "Czech Republic"]
[Date "2019.04.20"]
[Round "10.8"]
[White "Miturova, Magdalena"]
[Black "Pychova, Nela"]
[Result "1/2-1/2"]
[WhiteElo "2230"]
[BlackElo "2165"]
[Annotator "NA"]
[PlyCount "69"]
[EventDate "2018.11.03"]
[EventType "team-tourn"]
[EventCountry "CZE"]
[SourceTitle "playchess.com"]
[Source "ChessBase"]
[SourceQuality "1"]
[WhiteTeam "Cesky Tesin"]
[BlackTeam "Brno"]
[TimeControl "40/5400+30:1800+30"]

1. e4 {[%emt 0:00:00]} c6 {[%emt 0:00:00]} 2. Nf3 {[%emt 0:04:23]} d5 {[%emt 0:00:04]} 3. Nc3 {[%emt 0:00:07]} Bg4 {[%emt 0:01:34]} 4. h3 {[%emt 0:00:18]} Bxf3 {[%emt 0:01:10]} 5. Qxf3 {[%emt 0:00:08]} e6 {[%emt 0:00:43]} 6. d4 {[%emt 0:07:30]} dxe4 {[%emt 0:06:55]} 7. Nxe4 {[%emt 0:00:43]} Qxd4 {[%emt 0:09:14]} 8. Bd3 {[%emt 0:02:18]} Nf6 {[%emt 0:11:36]} 9. Be3 {[%emt 0:07:12]} Qd8 {[%emt 0:03:04]} 10. O-O-O {[%emt 0:08:20]} Nbd7 {[%emt 0:03:17]} 11. Qg3 {[%emt 0:09:02]} Qa5 {[%emt 0:05:42]} 12. Nxf6+ {[%emt 0:11:19]} Nxf6 {[%emt 0:04:22]} 13. Bc4 {[%emt 0:05:45]} Nd5 {[%emt 0:10:02]} 14. Rd3 {[%emt 0:12:08]} O-O-O {[%emt 0:11:13]} 15. Rhd1 {[%emt 0:03:51]} Rg8 {[%emt 0:06:53]} 16. Qf3 {[%emt 0:10:19]} f5 {[%emt 0:05:11]} 17. Bg5 {[%emt 0:02:37]} Re8 {[%emt 0:06:44]} 18. Bd2 {[%emt 0:09:53]} Bb4 {[%emt 0:06:24]} 19. Bxd5 {[%emt 0:01:39]} cxd5 {[%emt 0:01:39]} 20. Qf4 {[%emt 0:01:26]} Bxd2+ {[%emt 0:00:59]} 21. R1xd2 {[%emt 0:00:04]} Re7 {[%emt 0:03:08]} 22. Qd6 {[%emt 0:00:56]} Rge8 {[%emt 0:00:25]} 23. Ra3 {[%emt 0:00:46]} Qb6 {[%emt 0:00:26]} 24. Qe5 {[%emt 0:00:22]} Rc7 {[%emt 0:00:37]} 25. Rxd5 {[%emt 0:00:40]} Qxf2 {[%emt 0:00:34]} 26. Rc3 {[%emt 0:00:31]} Rxc3 {[%emt 0:00:29]} 27. Qxc3+ {[%emt 0:00:24]} Kb8 {[%emt 0:00:02]} 28. Rd1 {[%emt 0:00:45]} Qf4+ {[%emt 0:00:46]} 29. Kb1 {[%emt 0:00:11]} e5 {[%emt 0:00:45]} 30. Qc5 {[%emt 0:00:44]} e4 {[%emt 0:00:18]} 31. Qb5 {[%emt 0:00:18]} Rc8 {[%emt 0:00:40]} 32. Rd7 {[%emt 0:00:09]} Rc7 {[%emt 0:00:28]} 33. Rd8+ {[%emt 0:00:06]} Rc8 {[%emt 0:00:04]} 34. Rd7 {[%emt 0:00:11]} Rc7 {[%emt 0:00:54]} 35. Rd8+ {[%emt 0:00:06]} 1/2-1/2

[Event "CZE-tht Extraliga 2018-19"]
[Site "Czech Republic"]
[Date "2019.04.20"]
[Round "10.8"]
[White "Novosadova, Kristyna"]
[Black "Vyskocil, Neklan"]
[Result "0-1"]
[WhiteElo "2225"]
[BlackElo "2286"]
[Annotator "NA"]
[PlyCount "56"]
[EventDate "2018.11.03"]
[EventType "team-tourn"]
[EventCountry "CZE"]
[SourceTitle "playchess.com"]
[Source "ChessBase"]
[SourceQuality "1"]
[WhiteTeam "Beskydska"]
[BlackTeam "Duras"]
[TimeControl "40/5400+30:1800+30"]

1. e4 {[%emt 0:00:00]} g6 {[%emt 0:00:00]} 2. d4 {[%emt 0:00:00]} Bg7 {[%emt 0:00:01]} 3. Nf3 {[%emt 0:00:35]} d6 {[%emt 0:00:10]} 4. c3 {[%emt 0:00:25]} Nf6 {[%emt 0:00:26]} 5. Bd3 {[%emt 0:00:10]} O-O {[%emt 0:00:58]} 6. O-O {[%emt 0:00:09]} Nbd7 {[%emt 0:00:45]} 7. h3 {[%emt 0:04:08]} e5 {[%emt 0:00:14]} 8. d5 {[%emt 0:02:31]} Nc5 {[%emt 0:01:39]} 9. b4 {[%emt 0:07:53]} Nxd3 {[%emt 0:01:11]} 10. Qxd3 {[%emt 0:00:07]} Nh5 {[%emt 0:01:01]} 11. g4 {[%emt 0:10:32]} Nf4 {[%emt 0:01:56]} 12. Bxf4 {[%emt 0:00:05]} exf4 {[%emt 0:00:02]} 13. Kh2 {[%emt 0:01:37]} h6 {[%emt 0:03:22]} 14. Rg1 {[%emt 0:02:56]} c6 {[%emt 0:15:49]} 15. Nbd2 {[%emt 0:02:16]} a5 {[%emt 0:03:36]} 16. a3 {[%emt 0:06:18]} Qc7 {[%emt 0:10:24]} 17. Nd4 {[%emt 0:05:47]} Bd7 {[%emt 0:04:33]} 18. Rac1 {[%emt 0:11:06]} Rfc8 {[%emt 0:10:14]} 19. N2f3 {[%emt 0:03:31]} cxd5 {[%emt 0:03:21]} 20. exd5 {[%emt 0:00:52]} Qc4 {[%emt 0:05:01]} 21. Qe4 {[%emt 0:03:02]} Re8 {[%emt 0:01:24]} 22. Nd2 {[%emt 0:11:11]} Qa2 {[%emt 0:06:13]} 23. Rc2 {[%emt 0:12:09]} Qxa3 {[%emt 0:04:46]} 24. Ne6 {[%emt 0:02:11]} axb4 {[%emt 0:05:09]} 25. cxb4 {[%emt 0:04:47]} fxe6 {[%emt 0:05:20]} 26. Qxg6 {[%emt 0:00:27]} exd5 {[%emt 0:01:46]} 27. Rc7 {[%emt 0:00:41]} Re2 {[%emt 0:04:19]} 28. Rg2 {[%emt 0:02:40]} Rxf2 {[%emt 0:01:56]} 0-1

[Event "CZE-tht Extraliga 2018-19"]
[Site "Czech Republic"]
[Date "2019.04.20"]
[Round "10.8"]
[White "Kozak, Milos"]
[Black "Koziol, Kamil"]
[Result "0-1"]
[WhiteElo "2174"]
[BlackElo "2280"]
[Annotator "NA"]
[PlyCount "70"]
[EventDate "2018.11.03"]
[EventType "team-tourn"]
[EventCountry "CZE"]
[SourceTitle "playchess.com"]
[Source "ChessBase"]
[SourceQuality "1"]
[WhiteTeam "Siesta B"]
[BlackTeam "Ostrava"]
[TimeControl "40/5400+30:1800+30"]

1. d4 {[%emt 0:00:00]} Nf6 {[%emt 0:00:00]} 2. c4 {[%emt 0:00:00]} e6 {[%emt 0:00:00]} 3. g3 {[%emt 0:00:00]} d5 {[%emt 0:00:18]} 4. Nf3 {[%emt 0:00:00]} dxc4 {[%emt 0:00:54]} 5. Bg2 {[%emt 0:00:00]} Bb4+ {[%emt 0:00:25]} 6. Bd2 {[%emt 0:00:19]} a5 {[%emt 0:00:19]} 7. a3 {[%emt 0:10:27]} Bxd2+ {[%emt 0:04:51]} 8. Nbxd2 {[%emt 0:00:28]} b5 {[%emt 0:01:19]} 9. a4 {[%emt 0:07:12]} c6 {[%emt 0:01:15]} 10. axb5 {[%emt 0:04:04]} cxb5 {[%emt 0:02:41]} 11. Ne5 {[%emt 0:00:34]} Ra7 {[%emt 0:18:21]} 12. e3 {[%emt 0:04:37]} Qb6 {[%emt 0:10:33]} 13. Qc2 {[%emt 0:08:54]} Bb7 {[%emt 0:06:15]} 14. Bxb7 {[%emt 0:03:21]} Qxb7 {[%emt 0:00:24]} 15. O-O {[%emt 0:00:19]} a4 {[%emt 0:12:36]} 16. f4 {[%emt 0:00:32]} Nc6 {[%emt 0:04:23]} 17. Rae1 {[%emt 0:07:06]} O-O {[%emt 0:07:14]} 18. Nxc6 {[%emt 0:04:31]} Qxc6 {[%emt 0:00:06]} 19. e4 {[%emt 0:00:40]} Rc8 {[%emt 0:05:32]} 20. e5 {[%emt 0:08:55]} Nd5 {[%emt 0:01:16]} 21. Ne4 {[%emt 0:00:28]} Nb4 {[%emt 0:01:30]} 22. Qe2 {[%emt 0:01:10]} Qd5 {[%emt 0:01:29]} 23. Qg4 {[%emt 0:02:43]} Qxd4+ {[%emt 0:02:14]} 24. Kg2 {[%emt 0:00:42]} Nc2 {[%emt 0:03:18]} 25. Nf6+ {[%emt 0:03:01]} Kh8 {[%emt 0:00:44]} 26. Qh4 {[%emt 0:00:19]} gxf6 {[%emt 0:01:13]} 27. Qxf6+ {[%emt 0:02:12]} Kg8 {[%emt 0:00:02]} 28. Re2 {[%emt 0:03:15]} Ne3+ {[%emt 0:01:08]} 29. Rxe3 {[%emt 0:00:09]} Qxe3 {[%emt 0:00:07]} 30. f5 {[%emt 0:02:39]} Qd2+ {[%emt 0:08:51]} 31. Kh3 {[%emt 0:03:14]} Qd8 {[%emt 0:01:31]} 32. Qh6 {[%emt 0:00:38]} Qf8 {[%emt 0:03:47]} 33. Qe3 {[%emt 0:00:13]} Rac7 {[%emt 0:00:05]} 34. f6 {[%emt 0:03:39]} c3 {[%emt 0:00:08]} 35. Rf4 {[%emt 0:03:46]} Rc4 {[%emt 0:01:08]} 0-1

[Event "CZE-tht Extraliga 2018-19"]
[Site "Czech Republic"]
[Date "2019.04.21"]
[Round "11.1"]
[White "Matlakov, Maxim"]
[Black "Nguyen, Thai Dai Van"]
[Result "1/2-1/2"]
[WhiteElo "2692"]
[BlackElo "2547"]
[Annotator "TA"]
[PlyCount "67"]
[EventDate "2018.11.03"]
[EventType "team-tourn"]
[EventCountry "CZE"]
[SourceTitle "playchess.com"]
[Source "ChessBase"]
[SourceQuality "1"]
[WhiteTeam "Pardubice"]
[BlackTeam "Siesta"]

{[%evp 18,67,16,16,38,0,0,0,2,2,1,0,0,0,0,2,10,-10,0,-13,-8,-11,-14,-36,-28,-29,-35,-35,-28,-40,-40,-108,-43,-51,-55,-81,0,0,0,0,0,0,0,0,0,0,0,0,0,0,0,-3]} 1. Nf3 d5 2. g3 Nf6 3. Bg2 e6 4. O-O Be7 5. c4 O-O 6. b3 c5 7. cxd5 Nxd5 8. Nc3 Bf6 9. Bb2 Nc6 10. Qc2 b6 {A14: English Opening: 1...e6 with b3 by White} 11. Rad1 $146 ({Predecessor:} 11. Nxd5 exd5 12. d4 Ba6 13. dxc5 bxc5 14. Rfe1 Rc8 15. Bxf6 Qxf6 16. Rac1 c4 17. Qd2 Rfd8 18. e3 {½-½ (73) Kramnik,V (2812)-Nakamura,H (2787) Leuven 2016}) 11... Ba6 12. Nxd5 exd5 13. d4 Rc8 14. dxc5 bxc5 15. Rfe1 {With the idea Bxf6.} Nb4 16. Qb1 d4 17. Nd2 Qb6 18. Nc4 Bxc4 19. bxc4 Rb8 20. a3 Nc6 $36 {[%mdl 2048] Black fights for an advantage.} 21. Ba1 Qxb1 22. Rxb1 Na5 23. Bd5 Nb3 24. Be4 (24. h4 $15) 24... Rfe8 (24... Nd2 $17 25. Rxb8 Rxb8) 25. Bd3 Rb6 26. Rbd1 Nxa1 (26... Bg5 $17) 27. Rxa1 $11 {The position is equal.} Rb2 28. Reb1 Reb8 29. Rxb2 Rxb2 30. Rb1 Rxb1+ 31. Bxb1 g6 32. Kg2 Kf8 33. Kf3 Ke7 34. Ke4 {Accuracy: White = 38%, Black = 81%.} 1/2-1/2

[Event "CZE-tht Extraliga 2018-19"]
[Site "Czech Republic"]
[Date "2019.04.21"]
[Round "11.1"]
[White "Rodshtein, Maxim"]
[Black "Navara, David"]
[Result "1-0"]
[WhiteElo "2689"]
[BlackElo "2733"]
[Annotator "TA"]
[PlyCount "63"]
[EventDate "2018.11.03"]
[EventType "team-tourn"]
[EventCountry "CZE"]
[SourceTitle "playchess.com"]
[Source "ChessBase"]
[SourceQuality "1"]
[WhiteTeam "Turnov"]
[BlackTeam "Novoborsky"]

{[%evp 11,63,16,11,2,42,33,17,35,22,30,33,27,70,56,56,61,61,70,65,71,60,65,56,60,69,48,83,89,52,52,52,52,52,52,61,65,57,45,57,42,92,88,94,95,96,76,73,73,303,298,395,390,29988,29989]} 1. d4 Nf6 2. c4 e6 3. Nf3 b6 4. g3 Ba6 5. Qb3 Nc6 6. Nbd2 d5 7. Bg2 {E15: Queen's Indian: 4 g3 sidelines, 4 g3 Ba6 and 4 g3 Bb7 early deviations} Bd6 8. Qc2 $146 ({Predecessor:} 8. cxd5 exd5 9. Ne5 Na5 10. Qa4+ c6 11. O-O O-O 12. Re1 Re8 13. Ndf3 Ne4 14. Bf4 c5 15. Rac1 Bb7 16. Nd3 Bf8 17. dxc5 bxc5 18. b4 Nc4 19. bxc5 Nxc5 20. Nxc5 Bxc5 21. e3 {½-½ (21) Moiseenko,A (2698)-Kryvoruchko,Y (2710) Germany 2014}) 8... Nb4 9. Qd1 {The position is equal.} O-O 10. a3 Nc6 11. Qc2 Re8 12. b4 $1 {[%cal Rb4b5] Strongly threatening b5.} dxc4 13. Nxc4 e5 14. dxe5 Nxe5 15. Nfxe5 Bxe5 16. Rb1 {Threatens to win with b5.} Qc8 17. O-O ({Much weaker is} 17. Bxa8 Qxa8 18. O-O Qc6 $17) 17... Bb7 18. f3 c5 {And now ...cxb4 would win.} 19. Nxe5 Rxe5 20. Bf4 Re8 21. e4 cxb4 22. Qxc8 Bxc8 23. axb4 Be6 24. Be3 Nd7 25. f4 Bd5 26. exd5 Rxe3 27. d6 Rd8 {[#]} 28. Rfd1 $1 Nf6 29. Ra1 Rb3 $2 (29... a5 $16) 30. Rxa7 $18 Rxb4 31. d7 {Hoping for Ra8.} Ne4 $2 {[#]} (31... Kf8 $18 32. Ra8 Rxa8 33. Bxa8 Nxd7 34. Rxd7 g6) 32. Ra8 $1 {[%mdl 512] Accuracy: White = 98%, Black = 31%.} 1-0